000 00325 a2200157 4500
001 73745
020 _a8588543109
040 _cAnchieta - Colégio São Paulo
100 _aJacinto, António
240 1 0 _aPoemas
_lpor
245 1 0 _aPoemas
300 _a53
362 0 _a2004
650 4 _aPoesia portuguesa
942 _cBK
999 _c73745
_d73745